Wszystkie kraje Europy - Statystyki

Ogólne statystyki
  • Ten quiz został rozwiązany 2 633 razy
  • Średni wynik to 32 z 45
Statystyki odpowiedzi
Odpowiedź % Poprawnych
Polska
98%
Niemcy
93%
Rosja
92%
Francja
89%
Hiszpania
89%
Ukraina
87%
Litwa
85%
Szwecja
85%
Czechy
83%
Portugalia
83%
Słowacja
83%
Łotwa
82%
Włochy
82%
Norwegia
81%
Wielka Brytania
80%
Białoruś
78%
Finlandia
78%
Estonia
77%
Belgia
73%
Grecja
72%
Holandia
72%
Słowenia
71%
Irlandia
70%
Chorwacja
69%
Szwajcaria
69%
Watykan
69%
Dania
68%
Austria
67%
Bośnia i Hercegowina
65%
Islandia
65%
Węgry
64%
Albania
63%
Rumunia
63%
Andora
61%
Luksemburg
61%
Serbia
61%
San Marino
60%
Bułgaria
59%
Kosowo
55%
Mołdawia
55%
Liechtenstein
54%
Czarnogóra
53%
Macedonia
53%
Monako
53%
Malta
49%
Nie znaleziono quizów pasujących do podanych kryteriów
Rozkład punktacji
Procent ludzi z każdym wynikiem
Percentyl według liczby udzielonych odpowiedzi
Twoja historia wyników
Nie rozwiązałeś tego quizu